| 000 | 00439nam a22001697a 4500 | ||
|---|---|---|---|
| 005 | 20231012201824.0 | ||
| 008 | 231012b |||||||| |||| 00| 0 eng d | ||
| 020 | _a9780195795851 | ||
| 082 |
_a820 _bDOS-A |
||
| 100 | _aDossal,Zubeida A. | ||
| 245 |
_aAkbarnama _bAbut Fazl's account |
||
| 260 |
_aPakistan _bOxford Univresty Press _c2010 |
||
| 300 | _a40 | ||
| 500 | _aInclude Index | ||
| 650 | _aLiterature | ||
| 700 | _aZubeida A.Dossal | ||
| 999 |
_c33883 _d33883 |
||